000 00560nam a2200181 i 4500
001 146995
003 ES-MaACL
005 20240524062959.0
007 t|
008 070920q1919 sp ||||1| spa d
100 1 _aTurguenev, Ivan Sergueevich,
_d1818-1883
_9133416
245 1 0 _aY así pasó el amor /
_cIvan Serguievich Turgueniev ; traducción de G. Portnof.
260 _aMadrid :
_b[s.n.] (
_fImp. Pueyo,
_g1919)
300 _a152 p. ;
_c18 cm.
700 1 _aPortnof, G.
_993282
852 _aES-MaACL
_jF-696
999 _c146995
_d146995